|
|
|
|
| LEADER |
00000nab a2200000 a 4500 |
| 001 |
vtls000426000 |
| 003 |
SK-MaSNL |
| 005 |
20260303164310.0 |
| 008 |
230313c1991 xo 0 slo |
| 015 |
|
|
|a SNBRB19rr/mm-uuuuu
|
| 035 |
|
|
|a CL0426128
|
| 035 |
|
|
|a urn:nbn:sk:snk-abbm2o
|
| 035 |
|
|
|a (urnnbn)urn:nbn:sk:snk:ar-002pxt
|
| 035 |
|
|
|a (uuid)3c17473a-e977-4e71-8170-2c3a4cafbd43
|
| 040 |
|
|
|a SNKBUCL
|b slo
|c SNKBUCL
|e AACR2
|
| 041 |
0 |
|
|a slo
|
| 044 |
|
|
|a xo
|c SK
|
| 080 |
|
|
|a 82:929:885.4
|2 1981
|
| 080 |
|
|
|a 929
|2 1981
|
| 080 |
|
|
|a 885.4
|2 1981
|
| 080 |
|
|
|a 929 Pero Le Kvet
|2 1981
|
| 245 |
0 |
0 |
|a Rozhovor Petra Voleka s Perom Le Kvetom CODA, alebo dôvetky k rozhovoru s dvojtvárnym (?) autorom. P.M. (Post Morbidum) ; Pero Le Kvet, Peter p. Pero Le Kvet Volek, Ján Šebík
|
| 300 |
|
|
|b Fot. 2.
|
| 500 |
|
|
|a V rubrike NOVA.
|
| 600 |
1 |
7 |
|a Pero Le Kvet
|d 1965-
|x profily
|2 snkbucl
|9 1189728
|
| 655 |
|
7 |
|a články z novín a časopisov
|2 snkbucl
|9 267496
|
| 655 |
|
7 |
|a články z odboru literárna veda a krásna literatúra
|2 snkbucl
|9 770045
|
| 700 |
1 |
|
|a Šebík, Ján
|4 ill
|9 986099
|
| 700 |
0 |
|
|a Pero le Kvet,
|d 1965-
|4 aut
|9 247420
|
| 700 |
1 |
|
|a Volek, Peter,
|d 1964-
|4 aut
|9 19408
|
| 773 |
0 |
|
|t Dotyky
|g Roč. 3, č. 6 (1991), s. 46 a 48
|
| 850 |
|
|
|a Slovenská národná knižnica v Martine
|a MTA001
|
| 852 |
|
|
|a SNK
|b KIS3GCP
|
| 958 |
|
|
|a BX
|
| 958 |
|
|
|a RK
|
| 958 |
|
|
|a LX
|
| 958 |
|
|
|a OND
|
| 958 |
|
|
|a EUIPO
|
| 958 |
|
|
|a article15
|
| 992 |
|
|
|a RBX
|
| 999 |
|
|
|c 2064483
|d 2066413
|